000 01005nam a22002297a 4500
008 240604b mp ||||| |||| 00| 0 mon d
035 _a4180
040 _aDA0445040
_bmon
_cMN-UlNLM
_dMN-UlNLM
_erda
041 _amon
042 _a13222
082 _221
_a070.4
_bБ.109
100 _aБаасансүрэн Т.
245 0 _a1990 оны ардчилсан хувьсгал ба монгол дахь чөлөөт хэвлэлийн хөгжил, түүний цаашдын төлөв
264 _aУлаанбаатар
_bМОНЦАМЭ агентлагийн ХҮ
_c2009
300 _a577 х.
336 _2rdacontent
_atext
_btxt
337 _2rdamedia
_aunmediated
_bn
338 _2rdacarrier
_avolume
_bnc
490 _v3
650 _aЧөлөөт хэвлэл, сэтгүүл зүй, сэтгүүл, сэтгүүлч, хэвлэл, сонин Гарчиг: "Үнэн" сонин ардчилал, шинэчлэлийн салхийг үүсгэн сэвэлзү...
942 _210-t
_cBK
999 _c740580
_d740637